[Event "FRA-ch Accession"]
[Site "Nimes"]
[Date "2009.08.19"]
[Round "8"]
[White "Dijoux, Frederic"]
[Black "Bonn, Thomas"]
[Result "0-1"]
[WhiteElo "2152"]
[BlackElo "2225"]
[PlyCount "82"]
[EventDate "2009.08.11"]
[EventType "swiss"]
[EventRounds "9"]
[EventCountry "FRA"]
[SourceTitle "CBM 132 Extra"]
[Source "ChessBase"]
[SourceDate "2009.11.03"]
[SourceVersion "1"]
[SourceVersionDate "2009.11.03"]
[SourceQuality "1"]

1. e4 c5 2. Nc3 Nc6 3. g3 g6 4. Bg2 Bg7 5. d3 d6 6. f4 e6 7. Nf3 Nge7 8. 0-0 0-0 9. Be3 Nd4 10. Qd2 Nec6 11. Rae1 Nxf3+ 12. Bxf3 Nd4 13. Bg2 Qa5 14. g4 f5 15. h3 Rb8 16. Qf2 b5 17. Nd1 Qxa2 18. c3 Nb3 19. gxf5 gxf5 20. e5 Qa6 21. Kh1 Bb7 22. Rg1 Kh8 23. Qh4 Rbe8 24. exd6 Bxg2+ 25. Rxg2 Qxd6 26. Reg1 Qe7 27. Qh5 Qf7 28. Qf3 Bf6 29. Qc6 Rb8 30. Qf3 a5 31. Nf2 a4 32. h4 Bxh4 33. Nh3 Rg8 34. Ng5 Bxg5 35. fxg5 e5 36. g6 Rxg6 37. Qh5 Rbb6 38. Rxg6 Rxg6 39. Bg5 Kg8 40. Qf3 h6 41. Qa8+ Kh7 0-1

[Event "FRA-ch Accession"]
[Site "Nimes"]
[Date "2009.08.18"]
[Round "7"]
[White "Ozenne, Corentin"]
[Black "Dijoux, Frederic"]
[Result "0-1"]
[WhiteElo "1996"]
[BlackElo "2152"]
[PlyCount "100"]
[EventDate "2009.08.11"]
[EventType "swiss"]
[EventRounds "9"]
[EventCountry "FRA"]
[SourceTitle "CBM 132 Extra"]
[Source "ChessBase"]
[SourceDate "2009.11.03"]
[SourceVersion "1"]
[SourceVersionDate "2009.11.03"]
[SourceQuality "1"]

1. d4 e6 2. c4 f5 3. g3 Nf6 4. Bg2 d5 5. Nh3 c6 6. 0-0 Bd6 7. Qc2 0-0 8. Bf4 Be7 9. Nd2 h6 10. f3 g5 11. Bxb8 Rxb8 12. Rad1 c5 13. cxd5 Nxd5 14. Qd3 Nb4 15. Qb1 cxd4 16. Nb3 Nc6 17. f4 Qb6 18. Kh1 g4 19. Nf2 h5 20. h3 Kg7 21. Nd3 Rd8 22. Qc1 Bd7 23. Ndc5 Rbc8 24. Qc4 Kf7 25. e3 Na5 26. Nxd7 Nxc4 27. Nxb6 axb6 28. Rxd4 Nxe3 29. Rf2 Nxg2 30. Kxg2 Rxd4 31. Nxd4 Bc5 32. Rc2 Ra8 33. Nb3 Rxa2 34. hxg4 hxg4 35. Kf1 Bd6 36. Nd4 Ra1+ 37. Ke2 Bc5 38. Rd2 Rh1 39. Kd3 Rf1 40. Kc4 Bxd4 41. Rxd4 Rf3 42. Rd3 b5+ 43. Kd4 Rxd3+ 44. Kxd3 Kf6 45. Kd4 b4 46. b3 b6 47. Kd3 e5 48. fxe5+ Kxe5 49. Ke3 b5 50. Kf2 Kd4 0-1

[Event "FRA-ch Accession"]
[Site "Nimes"]
[Date "2009.08.16"]
[Round "6"]
[White "Dijoux, Frederic"]
[Black "Serralta, Michel"]
[Result "1-0"]
[WhiteElo "2152"]
[BlackElo "2137"]
[PlyCount "51"]
[EventDate "2009.08.11"]
[EventType "swiss"]
[EventRounds "9"]
[EventCountry "FRA"]
[SourceTitle "CBM 132 Extra"]
[Source "ChessBase"]
[SourceDate "2009.11.03"]
[SourceVersion "1"]
[SourceVersionDate "2009.11.03"]
[SourceQuality "1"]

1. Nc3 d5 2. e4 d4 3. Nce2 e5 4. Ng3 Be6 5. c3 c5 6. Bb5+ Nc6 7. Nf3 Qd6 8. Bxc6+ bxc6 9. d3 dxc3 10. bxc3 Rd8 11. 0-0 Bg4 12. Qa4 Bxf3 13. gxf3 g6 14. Be3 f5 15. exf5 gxf5 16. Nxf5 Qg6+ 17. Ng3 Ne7 18. Bxc5 Nd5 19. Bxf8 Rxf8 20. Rae1 Rxf3 21. Rxe5+ Kf8 22. Qh4 Qf6 23. Qxf6+ Rxf6 24. Ne4 Rf3 25. Ng5 Rxd3 26. Ne6+ 1-0

[Event "FRA-chT2 South 0607"]
[Site "France"]
[Date "2007.03.31"]
[Round "10.6"]
[White "Dijoux, Frederic"]
[Black "Dijon, Fabien"]
[Result "1-0"]
[WhiteElo "2132"]
[BlackElo "2053"]
[PlyCount "35"]
[EventDate "2006.10.15"]
[EventType "team-tourn"]
[EventRounds "11"]
[EventCountry "FRA"]
[SourceTitle "EXT 2008"]
[Source "ChessBase"]
[SourceDate "2007.11.25"]
[SourceVersion "1"]
[SourceVersionDate "2007.11.25"]
[SourceQuality "1"]
[WhiteTeam "Saint Affrique"]
[BlackTeam "L'Isle sur la Sorgue"]
[WhiteTeamCountry "FRA"]
[BlackTeamCountry "FRA"]

1. Nc3 e6 2. e4 d5 3. Nf3 Nf6 4. e5 Nfd7 5. d4 c5 6. dxc5 Bxc5 7. Bd3 Nc6 8. Bf4 Qb6 9. 0-0 Qxb2 10. Nb5 Rb8 11. Bd2 Bb4 12. Rb1 Qxa2 13. Bxb4 Nxb4 14. Rxb4 Qa5 15. Rf4 0-0 16. Bxh7+ Kxh7 17. Ng5+ Kg6 18. Qd3+ 1-0

[Event "Saint Affrique op 15th"]
[Site "Saint Affrique"]
[Date "2007.??.??"]
[Round "3"]
[White "Petrossian, Armen"]
[Black "Dijoux, Frederic"]
[Result "1-0"]
[WhiteElo "2392"]
[BlackElo "2132"]
[PlyCount "83"]
[EventDate "2007.07.21"]
[EventType "swiss"]
[EventRounds "9"]
[EventCountry "FRA"]
[SourceTitle "CBM 119 Extra"]
[Source "ChessBase"]
[SourceDate "2007.09.04"]
[SourceVersion "1"]
[SourceVersionDate "2007.09.04"]
[SourceQuality "1"]

1. e4 e6 2. d4 d5 3. Nd2 c5 4. Ngf3 Nf6 5. exd5 exd5 6. Bb5+ Bd7 7. Qe2+ Be7 8. dxc5 0-0 9. Nb3 Bxc5 10. Bxd7 Nbxd7 11. Nxc5 Re8 12. Be3 Nxc5 13. Nd4 Ne6 14. 0-0-0 a6 15. f3 Rc8 16. Qd2 Qc7 17. Kb1 Qc4 18. Rhe1 Nxd4 19. Bxd4 Rxe1 20. Rxe1 Re8 21. Bxf6 Rxe1+ 22. Qxe1 gxf6 23. Qg3+ Kf8 24. b3 Qc6 25. Qf4 b5 26. Qd4 Qe6 27. f4 Kg7 28. Kb2 Qe4 29. Qxe4 dxe4 30. f5 Kh6 31. Kc3 Kg5 32. Kd4 Kxf5 33. c4 bxc4 34. bxc4 a5 35. g3 h6 36. h3 h5 37. h4 e3 38. Kxe3 Ke5 39. Kd3 f5 40. Kc3 f6 41. a4 Kd6 42. Kd4 1-0

[Event "FRA-chT2 South 0607"]
[Site "France"]
[Date "2006.12.10"]
[Round "4.4"]
[White "Lacroix, Romain"]
[Black "Dijoux, Frederic"]
[Result "1-0"]
[WhiteElo "2097"]
[BlackElo "2151"]
[PlyCount "107"]
[EventDate "2006.10.15"]
[EventType "team-tourn"]
[EventRounds "11"]
[EventCountry "FRA"]
[SourceTitle "EXT 2008"]
[Source "ChessBase"]
[SourceDate "2007.11.25"]
[SourceVersion "1"]
[SourceVersionDate "2007.11.25"]
[SourceQuality "1"]
[WhiteTeam "Tournefeuille"]
[BlackTeam "Saint Affrique"]
[WhiteTeamCountry "FRA"]
[BlackTeamCountry "FRA"]

1. e4 e6 2. d4 d5 3. Nd2 Nf6 4. e5 Nfd7 5. c3 c5 6. Bd3 Nc6 7. Ne2 cxd4 8. cxd4 f6 9. exf6 Nxf6 10. 0-0 Bd6 11. Nf3 Qc7 12. Bg5 0-0 13. Rc1 Ng4 14. Ng3 g6 15. Bb1 Qg7 16. h3 Nh6 17. Qd2 Nf7 18. Be3 Bd7 19. Ne2 Rae8 20. Bf4 Bxf4 21. Nxf4 Nd6 22. b3 Qf6 23. Ne2 Kg7 24. Nh2 e5 25. dxe5 Qxe5 26. Nc3 d4 27. Na4 Bc8 28. Rfe1 Qf6 29. Nc5 Rxe1+ 30. Rxe1 Rd8 31. Ne4 Nxe4 32. Bxe4 Bf5 33. Bxf5 Qxf5 34. Ng4 g5 35. f3 h6 36. b4 a6 37. a4 d3 38. b5 axb5 39. axb5 Qxb5 40. Qc3+ Nd4 41. Qc7+ Rd7 42. Re7+ Rxe7 43. Qxe7+ Kh8 44. Qf8+ Kh7 45. Qxh6+ Kg8 46. Qg6+ Kf8 47. Qf6+ Kg8 48. Qxd4 Qb1+ 49. Kh2 Qc2 50. Qd8+ Kh7 51. Qe7+ Kg6 52. Qf6+ Kh7 53. Qf7+ Kh8 54. Nf6 1-0

[Event "FRA-chT2 South 0607"]
[Site "France"]
[Date "2006.11.25"]
[Round "2.5"]
[White "Dijoux, Frederic"]
[Black "Chevant, Louis"]
[Result "1/2-1/2"]
[WhiteElo "2151"]
[BlackElo "2196"]
[PlyCount "58"]
[EventDate "2006.10.15"]
[EventType "team-tourn"]
[EventRounds "11"]
[EventCountry "FRA"]
[SourceTitle "EXT 2008"]
[Source "ChessBase"]
[SourceDate "2007.11.25"]
[SourceVersion "1"]
[SourceVersionDate "2007.11.25"]
[SourceQuality "1"]
[WhiteTeam "Saint Affrique"]
[BlackTeam "Grenoble"]
[WhiteTeamCountry "FRA"]
[BlackTeamCountry "FRA"]

1. Nc3 d5 2. e4 e6 3. Nf3 Nf6 4. e5 Nfd7 5. d4 c5 6. dxc5 Be7 7. h4 Nc6 8. Bf4 Nxc5 9. Bd3 Qb6 10. 0-0 Bd7 11. Qd2 Nxd3 12. cxd3 Nd4 13. Nxd4 Qxd4 14. g3 0-0 15. Rfe1 a6 16. a3 b5 17. Be3 Qg4 18. Qe2 Qxe2 19. Rxe2 a5 20. Rd2 b4 21. axb4 Bxb4 22. Rc2 Rfc8 23. Rac1 h6 24. Kf1 a4 25. Ne2 Rxc2 26. Rxc2 Bb5 27. Nc1 a3 28. bxa3 Bxa3 29. Ke2 Bf8 1/2-1/2

[Event "FRA-chT2 0405"]
[Site "France"]
[Date "2005.03.12"]
[Round "8.8"]
[White "Dijoux, Frederic"]
[Black "Relea, Nicolas"]
[Result "1/2-1/2"]
[WhiteElo "2119"]
[BlackElo "2082"]
[PlyCount "92"]
[EventDate "2004.10.10"]
[EventType "team-tourn"]
[EventRounds "11"]
[EventCountry "FRA"]
[SourceTitle "EXT 2006"]
[Source "ChessBase"]
[SourceDate "2005.11.24"]
[SourceVersion "1"]
[SourceVersionDate "2005.11.24"]
[SourceQuality "1"]
[WhiteTeam "Montpellier  II"]
[BlackTeam "Condom"]
[WhiteTeamCountry "FRA"]
[BlackTeamCountry "FRA"]

1. Nc3 Nf6 2. e4 d5 3. exd5 Nxd5 4. Bc4 c6 5. Qf3 Be6 6. Nge2 Nc7 7. Bb3 g6 8. 0-0 Bg7 9. d3 0-0 10. Bg5 Bxb3 11. axb3 Ne6 12. Be3 a6 13. Ra4 h6 14. Qh3 Ng5 15. Qg3 Nh7 16. f4 e6 17. Qh3 f5 18. Qg3 Kf7 19. Bd4 Nf6 20. Be5 Nbd7 21. Nd4 Re8 22. Nf3 Nh5 23. Qe1 Nhf6 24. h3 Nd5 25. Ra1 Bf6 26. Bxf6 Qxf6 27. Qd2 Kg7 28. Rae1 e5 29. Nxd5 cxd5 30. Qb4 e4 31. Qxb7 Qe7 32. Qxd5 Nf6 33. Qd4 Rad8 34. Qf2 Qc7 35. Ne5 Rxe5 36. fxe5 Qxe5 37. d4 Rxd4 38. Rd1 e3 39. Qe2 Re4 40. Rfe1 Nh5 41. Rd7+ Kf6 42. Qxa6+ Kg5 43. Qe2 Qg3 44. Rf1 Nf4 45. Rxf4 Rxf4 46. Rd6 Rf2 1/2-1/2

[Event "Paris Apsap op 82nd"]
[Site "Paris"]
[Date "2005.??.??"]
[Round "2"]
[White "Pira, Davoud"]
[Black "Dijoux, Frederic"]
[Result "1-0"]
[WhiteElo "2385"]
[BlackElo "2098"]
[PlyCount "21"]
[EventDate "2005.08.09"]
[EventType "swiss"]
[EventRounds "7"]
[EventCountry "FRA"]
[SourceTitle "EXT 2007"]
[Source "ChessBase"]
[SourceDate "2006.11.23"]
[SourceVersion "1"]
[SourceVersionDate "2006.11.23"]
[SourceQuality "1"]

1. d4 e6 2. Nf3 Nf6 3. Bg5 Be7 4. Nbd2 d5 5. e3 b6 6. c3 0-0 7. Qa4 Bb7 8. Bd3 Nbd7 9. Ne5 Nxe5 10. dxe5 Nd7 11. Qh4 1-0

[Event "FRA-chT2S"]
[Site "France"]
[Date "2003.02.02"]
[Round "7.6"]
[White "Dijoux, Frederic"]
[Black "Smyrek, Ingo"]
[Result "1/2-1/2"]
[WhiteElo "2141"]
[BlackElo "2040"]
[PlyCount "108"]
[EventDate "2002.10.??"]
[EventType "team-tourn"]
[EventRounds "11"]
[EventCountry "FRA"]
[SourceTitle "EXT 2004"]
[Source "ChessBase"]
[SourceDate "2003.11.25"]
[SourceVersion "1"]
[SourceVersionDate "2003.11.25"]
[SourceQuality "1"]

1. Nc3 d5 2. e4 Nf6 3. exd5 Nxd5 4. Bc4 Nb6 5. Bb3 Nc6 6. Qf3 e6 7. Qg3 Qd6 8. f4 Nd4 9. Nge2 Nf5 10. Qf2 Qc5 11. d4 Qd6 12. Bd2 Bd7 13. Ne4 Qc6 14. N2c3 a5 15. a3 a4 16. Ba2 Be7 17. 0-0 0-0 18. Rad1 Nd5 19. Kh1 Nxc3 20. Nxc3 Qb6 21. Bc1 Bc6 22. Ne2 Bh4 23. Ng3 Rad8 24. c3 Bb5 25. Rfe1 Bc6 26. Bb1 Nd6 27. Re5 g6 28. Qe2 Bd5 29. Qg4 Bf6 30. Rh5 Bg7 31. f5 Nxf5 32. Rh3 Qc6 33. Rg1 Nxg3+ 34. hxg3 f5 35. Qh4 Kf7 36. g4 Be4 37. Bxe4 Qxe4 38. gxf5 exf5 39. Qxe4 fxe4 40. Rxh7 Rh8 41. Rf1+ Ke6 42. Rxh8 Rxh8+ 43. Kg1 Rf8 44. Re1 Kd5 45. Re2 b5 46. Bg5 Rf5 47. Bc1 Bf8 48. Kh2 Bd6+ 49. Kh3 Be7 50. Kg4 c6 51. Bf4 Bf6 52. Re1 Rh5 53. Re2 Rf5 54. Re1 Rh5 1/2-1/2

[Event "FRA-chT2"]
[Site "France"]
[Date "2002.03.23"]
[Round "10"]
[White "Dijoux, Frederic"]
[Black "Bissieres, Mathieu"]
[Result "1-0"]
[WhiteElo "2129"]
[BlackElo "2130"]
[PlyCount "79"]
[EventDate "2002.??.??"]
[EventType "team-tourn"]
[EventRounds "11"]
[EventCountry "FRA"]
[SourceTitle "EXT 2003"]
[Source "ChessBase"]
[SourceDate "2002.11.25"]
[SourceVersion "1"]
[SourceVersionDate "2002.11.25"]
[SourceQuality "1"]

1. e4 c5 2. Nc3 Nc6 3. g3 e6 4. Bg2 g6 5. d3 Bg7 6. f4 Nge7 7. Nf3 d6 8. 0-0 0-0 9. Be3 Nd4 10. Bf2 Nec6 11. Nxd4 Nxd4 12. e5 dxe5 13. fxe5 Bxe5 14. Ne4 f5 15. Nxc5 Qc7 16. b4 Rb8 17. c3 Nb5 18. d4 Bg7 19. Qb3 Re8 20. a4 Nd6 21. Rae1 Qf7 22. g4 b6 23. Bg3 Bf8 24. gxf5 gxf5 25. Ne4 Nxe4 26. Bxe4 Rb7 27. Rxf5 Qe7 28. Rf2 Bg7 29. Ref1 Qg5 30. Qc2 Kh8 31. Rg2 Qe7 32. Rgf2 Qg5 33. Rg2 Qe7 34. Qe2 Rf8 35. Rxf8+ Qxf8 36. Qh5 Bf6 37. Bxb7 Bxb7 38. Rf2 Qe7 39. Rxf6 Kg8 40. Qg5+ 1-0

[Event "FRA-chT2"]
[Site "France"]
[Date "2001.10.14"]
[Round "1"]
[White "Carpentier, Jean Christophe"]
[Black "Dijoux, Frederic"]
[Result "1-0"]
[WhiteElo "2093"]
[BlackElo "2129"]
[PlyCount "65"]
[EventDate "2002.??.??"]
[EventType "team-tourn"]
[EventRounds "11"]
[EventCountry "FRA"]
[SourceTitle "EXT 2003"]
[Source "ChessBase"]
[SourceDate "2002.11.25"]
[SourceVersion "1"]
[SourceVersionDate "2002.11.25"]
[SourceQuality "1"]

1. e4 e6 2. d4 d5 3. Nc3 Nf6 4. Bg5 Be7 5. e5 Nfd7 6. h4 a6 7. Qg4 Bxg5 8. hxg5 c5 9. g6 f5 10. Qf4 h6 11. Nf3 0-0 12. 0-0-0 Nc6 13. dxc5 Qe8 14. Nxd5 exd5 15. Rxd5 b5 16. cxb6 Nxb6 17. Rd6 Bb7 18. Rxh6 gxh6 19. Qxh6 Qe7 20. g7 Qxg7 21. Rg6 Rf7 22. Ng5 Qxg6 23. Qxg6+ Rg7 24. Qe6+ Kf8 25. Qxf5+ Ke8 26. Be2 Re7 27. Bf3 Rc8 28. Qg6+ Kd8 29. Nf7+ Rxf7 30. Qxf7 Nd7 31. Bxc6 Bxc6 32. e6 Ne5 33. Qf6+ 1-0

[Event "Cannes op"]
[Site "Cannes"]
[Date "2000.02.26"]
[Round "7"]
[White "Dichev, Nedelcho"]
[Black "Dijoux, Frederic"]
[Result "1-0"]
[WhiteElo "2203"]
[BlackElo "2127"]
[PlyCount "139"]
[EventDate "2000.02.20"]
[EventType "swiss"]
[EventRounds "9"]
[EventCountry "FRA"]
[SourceTitle "EXT 2001"]
[Source "ChessBase"]
[SourceDate "2000.11.22"]
[SourceVersion "1"]
[SourceVersionDate "2000.11.22"]
[SourceQuality "1"]

1. c4 e5 2. g3 Nc6 3. Bg2 g6 4. Nc3 Bg7 5. d3 d6 6. e4 Be6 7. Nge2 Qd7 8. Nd5 Nd4 9. Nxd4 exd4 10. Nf4 Ne7 11. 0-0 0-0 12. Bd2 Rab8 13. b4 b5 14. cxb5 Qxb5 15. Nxe6 fxe6 16. Qb3 Kh8 17. a4 Qe5 18. Qa2 Qf6 19. f4 e5 20. Qc4 c5 21. b5 Nc8 22. a5 Qe7 23. fxe5 dxe5 24. Rxf8+ Bxf8 25. Rb1 Nd6 26. Qxc5 Nxb5 27. Qxe7 Bxe7 28. a6 Bd6 29. Bh3 Na3 30. Rxb8+ Bxb8 31. Bh6 Bd6 32. Kf2 Nc2 33. Be6 Nb4 34. Bc4 Nc6 35. Ke2 Ne7 36. Kd2 Ng8 37. Bg5 Kg7 38. Kc2 Nf6 39. Be6 h6 40. Bd2 Ne8 41. Kb3 Nc7 42. Bc4 g5 43. Bb4 Bxb4 44. Kxb4 Kf6 45. Kc5 Ke7 46. Kc6 Ne8 47. Kd5 Nd6 48. Bb3 Nf7 49. Kc6 Nd6 50. Ba4 Ke6 51. Kc7 Ke7 52. Bd7 Nf7 53. Bg4 Nd8 54. Bh5 Ne6+ 55. Kc6 Ng7 56. Bg6 Ne6 57. Kd5 Kf6 58. Kd6 Nd8 59. Bf5 Nf7+ 60. Kd5 Nd8 61. Kd6 Nf7+ 62. Kd7 Nh8 63. Be6 Ng6 64. Kd6 Nh8 65. Kd7 Ng6 66. Bg4 Nf8+ 67. Kd6 Ng6 68. h3 Ne7 69. Kc7 Ng8 70. Kb7 1-0

[Event "FRA-chT2 9495"]
[Site "France"]
[Date "1994.??.??"]
[Round "?"]
[White "Flear, Glenn C"]
[Black "Dijoux, Frederic"]
[Result "1/2-1/2"]
[WhiteElo "2500"]
[BlackElo "2220"]
[PlyCount "100"]
[EventDate "1994.??.??"]
[EventType "team-tourn"]
[EventRounds "11"]
[EventCountry "FRA"]
[SourceTitle "EXT 2008"]
[Source "ChessBase"]
[SourceDate "2007.11.25"]
[SourceVersion "1"]
[SourceVersionDate "2007.11.25"]
[SourceQuality "1"]

1. Nf3 e6 2. b3 d5 3. Bb2 Nf6 4. e3 Bd6 5. Be2 b6 6. Ne5 Bb7 7. f4 a6 8. Bf3 c5 9. d3 Nc6 10. Nxc6 Bxc6 11. Nd2 Qc7 12. Qe2 0-0-0 13. a4 e5 14. Bxe5 Bxe5 15. fxe5 Qxe5 16. 0-0 Kb7 17. b4 cxb4 18. d4 Qe6 19. Rfb1 a5 20. c3 bxc3 21. Nb3 Ka7 22. Rc1 Bb7 23. Rxc3 Rc8 24. Rxc8 Rxc8 25. Qd2 Ne4 26. Qe1 Nd6 27. Nd2 Nc4 28. Nxc4 Rxc4 29. Qd2 Qc8 30. Bd1 Qf5 31. Bb3 Rc7 32. Rf1 Qe6 33. h3 Re7 34. Re1 Qd6 35. Bc2 h6 36. Kf2 Ba6 37. e4 dxe4 38. Bxe4 Qf6+ 39. Bf3 Rd7 40. Rd1 Bb7 41. Qe3 Bxf3 42. gxf3 Qf5 43. Rc1 Qxh3 44. Qf4 Kb7 45. Qe4+ Ka7 46. Rc8 Qh2+ 47. Kf1 Qh1+ 48. Kf2 Rb7 49. Qe8 Qh4+ 50. Kf1 Qh1+ 1/2-1/2